Biotecnología y propiedad intelectual un enfoque integrado desde el derecho internacional /

Guardat en:
Dades bibliogràfiques
Autor principal: Melgar Fernández, Mario
Autor corporatiu: e-libro, Corp
Format: eBook
Idioma:espanyol
Publicat: âMexico : Universidad Nacional Auâtonoma de âMexico, Instituto de Investigaciones Jurâidicas, 2005.
Edició:1.ed.
Col·lecció:Serie Doctrina juâridica ; nâum. 225
Matèries:
Accés en línia:https://elibro.unach.elogim.com/es/lc/unach/titulos/74463
Etiquetes: Afegir etiqueta
Sense etiquetes, Sigues el primer a etiquetar aquest registre!

MARC

LEADER 00000nam a2200000 a 4500
001 ELB74463
003 FlNmELB
006 m o d |
007 cr cn|||||||||
008 201010r2005 mx |||||s|||||||||||spa d
020 |z 9703225527 
035 |a (MiAaPQ)EBC3190978 
035 |a (Au-PeEL)EBL3190978 
035 |a (CaPaEBR)ebr10418244 
035 |a (OCoLC)929293424 
040 |a FlNmELB  |b spa  |c FlNmELB 
050 4 |a K3925.B56  |b M521 2005 
080 |a 347.78 
082 0 4 |a 343.0786606  |2 21 
100 1 |a Melgar Fernández, Mario. 
245 1 0 |a Biotecnología y propiedad intelectual  |h [recurso electronico] :  |b un enfoque integrado desde el derecho internacional /  |c Mario Melgar Fernádez. 
250 |a 1.ed. 
260 |a âMexico :  |b Universidad Nacional Auâtonoma de âMexico, Instituto de Investigaciones Jurâidicas,  |c 2005. 
300 |a xx, 379 p. 
440 0 |a Serie Doctrina juâridica ;  |v nâum. 225 
533 |a Recurso electrónico. Santa Fe, Arg.: e-libro, 2015. Disponible vía World Wide Web. El acceso puede estar limitado para las bibliotecas afiliadas a e-libro. 
650 0 |a Biotechnology. 
650 0 |a Intellectual property. 
650 0 |a International law. 
650 0 |a Biotecnología. 
650 0 |a Propiedad intelectual. 
653 |a Biotecnologia 
655 4 |a Libros electrónicos. 
710 2 |a e-libro, Corp. 
856 4 0 |u https://elibro.unach.elogim.com/es/lc/unach/titulos/74463